000 00998nam a22002775i 4500
001 13045
003 ES-MaACL
005 20250728062553.0
007 t|
008 941028s1994 sp ||||0| spa j
020 _a84-7433-980-4
040 _aM-BN
_bspa
_cM-BN
080 _a331.102.1
100 1 _aCarrasco Pérez, Remigio.
_935565
245 1 0 _aTeletrabajo /
_cRemigio Carrasco Pérez, José Mª Salinas Leandro.
260 _aMadrid :
_bCentro de Publicaciones, Ministerio de Obras Públicas, Transportes y Medio Ambiente,
_cD.L. 1994.
300 _a86 p. :
_bgráf. ;
_c24 cm.
490 1 _aMonografías
504 _aBibliografía: p. 85-86.
650 1 4 _aTeletrabajo.
_917436
700 1 _aSalinas Leandro, Jose María.
_9101948
710 1 _aEspaña.
_bMinisterio de Obras Públicas, Transportes y Medio Ambiente.
_93915
830 0 0 _aMonografías (Centro de Estudios Benaventanos "Ledo del Pozo")
_9177262
852 _aES-MaACL
_jL-20445
_bR.123788
999 _c13045
_d13045